Cricket: Scoring a Hundred in Their Hundredth Test - Statistics

General Stats
  • This quiz has been taken 12 times
  • The average score is 7 of 9
Answer Stats
For Against Year Score(s) Answer % Correct
ENG IND 2021 218 Joe Root
100%
SA ENG 2012 131 Graeme Smith
92%
SA SL 2017 134 Hashim Amla
83%
PAK IND 2005 184 Inzamam-ul-Haq
83%
AUS SA 2006 120, 143* Ricky Ponting
83%
PAK IND 1989 145 Javed Miandad
67%
WI ENG 1990 149 Gordon Greenidge
58%
ENG WI 2000 105 Alec Stewart
50%
ENG AUS 1968 104 Colin Cowdrey
50%
No matching quizzes found
Score Distribution
Percent of People with Each Score
Percentile by Number Answered
Your Score History
You have not taken this quiz